The Position of Women in Hindu Civilization (Record no. 1434451)

MARC details
000 -LEADER
fixed length control field 00405nam a22001577a 4500
005 - DATE AND TIME OF LATEST TRANSACTION
control field 20250802105742.0
008 - FIXED-LENGTH DATA ELEMENTS--GENERAL INFORMATION
fixed length control field 250802b |||||||| |||| 00| 0 eng d
020 ## - INTERNATIONAL STANDARD BOOK NUMBER
International Standard Book Number 9788120803251
040 ## - CATALOGING SOURCE
Transcribing agency ILCL
041 ## - LANGUAGE CODE
Source of code eng
Language code of text/sound track or separate title eng
100 ## - MAIN ENTRY--PERSONAL NAME
Personal name Altekar, A S
245 ## - TITLE STATEMENT
Title The Position of Women in Hindu Civilization
260 ## - PUBLICATION, DISTRIBUTION, ETC.
Place of publication, distribution, etc. Delhi
Name of publisher, distributor, etc. Motilal Banarasidass
Date of publication, distribution, etc. 2016
300 ## - PHYSICAL DESCRIPTION
Extent xvi,378p.
942 ## - ADDED ENTRY ELEMENTS (KOHA)
Source of classification or shelving scheme Colon Classification (CC)
Koha item type Textbook
999 ## -
-- 1434451
-- 1434451
Holdings
Withdrawn status Lost status Source of classification or shelving scheme Damaged status Not for loan Home library Current library Date acquired Source of acquisition Cost, normal purchase price Inventory number Total checkouts Barcode Date last seen Price effective from Koha item type
    Colon Classification (CC)     Integrated Law Course library Integrated Law Course library 2025-03-07 Motilal Banarasidass 595.00 3056 dt. 07-03-2025   IL1864644 2025-08-02 2025-08-02 Textbook
Copyright @ Delhi University Library System